Social watch , India : Citizens report on governance & development 2003 (Record no. 1460159)

MARC details
000 -LEADER
fixed length control field 00568nam a2200205Ia 4500
005 - DATE AND TIME OF LATEST TRANSACTION
control field 20250923150142.0
008 - FIXED-LENGTH DATA ELEMENTS--GENERAL INFORMATION
fixed length control field 008 250917s9999 xx 000 0 eng d
037 ## - SOURCE OF ACQUISITION
Stock number Textual
040 ## - CATALOGING SOURCE
Original cataloging agency DSWL
Language of cataloging eng
Transcribing agency DSWL
041 ## - LANGUAGE CODE
Language code of text/sound track or separate title eng
Source of code eng
084 ## - COLON CLASSIFICATION NUMBER
Assigning agency DSWL
245 #0 - TITLE STATEMENT
Title Social watch , India : Citizens report on governance & development 2003
Statement of responsibility, etc. Ed.by J Samuel
260 ## - PUBLICATION, DISTRIBUTION, ETC.
Place of publication, distribution, etc. New Delhi
Name of publisher, distributor, etc. NSWC India
Date of publication, distribution, etc. 2003
300 ## - PHYSICAL DESCRIPTION
Extent 128p.
365 ## - TRADE PRICE
Price type code INR
Price amount 250 . 0
650 ## - SUBJECT ADDED ENTRY--TOPICAL TERM
Topical term or geographic name entry element Jagadananda
9 (RLIN) 842809
925 ## -
-- 250 . 0
942 ## - ADDED ENTRY ELEMENTS (KOHA)
Koha item type Textual
Holdings
Withdrawn status Lost status Damaged status Not for loan Home library Current library Date acquired Source of acquisition Inventory number Total Checkouts Barcode Date last seen Price effective from Koha item type
        Department of Social Work Library Department of Social Work Library 2025-09-23 Shipra Library Service BL 12 , 07/05/2004   SW0028852 2025-09-23 2025-09-23 Textual
Copyright @ Delhi University Library System